000 00952nam a2200265 i 4500
001 115072
003 ES-MaACL
005 20251204131600.0
008 070221s1910 sp a |||| | spa d
080 _a821.134.2-32"18"
100 1 _aSawa, Alejandro,
_d1862-1909
_9104088
245 1 0 _aCalvario /
_cpor Alejandro Sawa ; ilustraciones de Palao.
260 _aMadrid :
_bEl Cuento Semanal,
_c1910.
300 _a[20] p. :
_bil. ;
_c26 cm.
490 1 _aEl cuento semanal ;
_v187
530 _aDisponible en formato digital.
594 _aAdaptación de: Jack, de Alphonse Daudet.
599 _aRetr. del autor en cub.
700 1 _aDaudet, Alphonse,
_d1840-1897
_942799
830 0 3 _aEl cuento semanal
_v187
_9185957
852 _aES-MaACL
_jG-4446(5)
_cDEPO2
856 4 _uhttps://bnedigital.bne.es/bd/es/viewer?id=e751d30c-f35a-4f11-bf3a-8de999b6acb4
_y(Biblioteca Digital Hispánica)
942 _2udc
999 _c115072
_d115072